| 000 | 00446nam a2200181Ia 4500 | ||
|---|---|---|---|
| 001 | 16546 | ||
| 005 | 20260306170317.0 | ||
| 008 | 260306t2000||||xx |||||||||||||| ||und|| | ||
| 041 | _aESP | ||
| 082 |
_a348.8 _bG64A T. 1 |
||
| 100 |
_aGómez Valdez, Francisco _eAUT |
||
| 245 | 0 |
_aEl contrato de trabajo: _bparte general |
|
| 260 | _c2000 | ||
| 300 |
_a649 páginas : _c24 cm. |
||
| 650 | _aGEN | ||
| 654 | _aCDE | ||
| 942 |
_cLIB _dJUS _fJUS _2ddc _n |
||
| 999 |
_c16546 _d16546 |
||